| 000 | 00328nam a22001217a 4500 | ||
|---|---|---|---|
| 008 | 240615b |||||||| |||| 00| 0 eng d | ||
| 100 | _aSuhail Ashraf | ||
| 245 | _aRetail Operations Management (Location 41/1) | ||
| 250 | _a2021 | ||
| 260 |
_aSrinagar _bAirPlaza Retail Holdings Pvt Ltd _c2021 |
||
| 300 | _a20 | ||
| 942 |
_2ddc _cTH |
||
| 999 |
_c20728 _d20728 |
||